书目信息 |
| 题名: |
物流法律法规知识
|
|
| 作者: | 高慧云 , 关键 主编 | |
| 分册: | ||
| 出版信息: | 北京 人民交通出版社 2007 |
|
| 页数: | 300页 | |
| 开本: | 23cm | |
| 丛书名: | ||
| 单 册: | ||
| 中图分类: | D922.294.1 | |
| 科图分类: | ||
| 主题词: | 物流--物资管理--法规--中国--高等教育--教材 , 物流 , 物资管理 , 法规 | |
| 电子资源: | ||
| ISBN: | 978-7-114-06676-4 | |
| 000 | 01039nam0 2200289 450 | |
| 001 | 1261476375 | |
| 005 | 20121003170503.75 | |
| 010 | @a978-7-114-06676-4@dCNY28.00 | |
| 100 | @a20080507d2007 em y0chiy50 ea | |
| 101 | 0 | @achi |
| 102 | @aCN@b110000 | |
| 105 | @ay zn 000yy | |
| 200 | 1 | @a物流法律法规知识@Awu liu fa lv fa gui zhi shi@f高慧云,关键主编 |
| 210 | @a北京@c人民交通出版社@d2007 | |
| 215 | @a300页@d23cm@e1光盘 | |
| 300 | @a高职高专物流管理专业教育教学改革项目推荐教材 | |
| 307 | @a附光盘:ISBN 978-7-900197-83-2 | |
| 330 | @a本书介绍了物流行业常用的基础性法律法规,主要包括:物流法基础知识、物权法、合同法、货物运输法律法规、仓储配送法律法规、支付结算法律法规、保险法、对外贸易法、海商法、物流争议解决等内容。 | |
| 606 | 0 | @a物流@x物资管理@x法规@y中国@x高等教育@j教材 |
| 606 | 0 | @a物流 |
| 606 | 0 | @a物资管理 |
| 606 | 0 | @a法规 |
| 690 | @aD922.294.1@v4 | |
| 701 | 0 | @a高慧云@Agao hui yun@4主编 |
| 701 | 0 | @a关键@Aguan jian@c(法律)@4主编 |
| 801 | 0 | @aCN@bNLC@c20101222 |
| 905 | @a10447@dD922.294.1@eJY145 | |
| 物流法律法规知识/高慧云,关键主编.-北京:人民交通出版社,2007 |
| 300页;23cm+1光盘 |
| 高职高专物流管理专业教育教学改革项目推荐教材 |
| ISBN 978-7-114-06676-4:CNY28.00 |
| 本书介绍了物流行业常用的基础性法律法规,主要包括:物流法基础知识、物权法、合同法、货物运输法律法规、仓储配送法律法规、支付结算法律法规、保险法、对外贸易法、海商法、物流争议解决等内容。 |
| ● |
| 相关链接 |
|
|
|
|
正题名:物流法律法规知识
索取号:D922.294.1/JY145
 
预约/预借
| 序号 | 登录号 | 条形码 | 馆藏地/架位号 | 状态 | 备注 |
| 1 | 7813198 | 278131987 | 学院路分馆/ [索取号:D922.294.1/JY145] | 在馆 | |
| 2 | 7813199 | 278131996 | 学院路分馆/ [索取号:D922.294.1/JY145] | 在馆 |